000 02237nam a2200397 i 4500
003 DO-SdBNP
005 20250623123022.0
006 a||||gr|||| 00| 0
007 ta
008 221129e200? dr ao||gr||||s001 0 spa d
040 _aDO-SdBNP
_bspa
_cBNPHU
_erda
082 4 _222
_bO39u
245 0 0 _aOISOE:
_bun período de realizaciones /
_cHernani Salazar; Textos, Adolfo Salomón, Hilman Pimentel, Francisco García, Máximo Zabala, Wascar Iván Ruiz, Coordinadores, Rafael Santos Pérez, Rafael Santos Capellán; Fotografías, Pedro de la Cruz, Domingo de la Cruz, Alberto Quiroz, Carmen Suarez.
264 1 _aSanto Domingo :
_bOficina de Ingenieros Supervisores de Obras del Estado,
_c[200?]
300 _a409 páginas :
_bilustraciones, gráficas, fotografías :
_c29 cm.
336 _2rdacontent
_atexto
_btxt
337 _2rdamedia
_asin mediación
_bn
338 _2rdacarrier
_avolumen
_bnc
505 _aPresentación.
_tDistrito Nacional.--
_tProvincia Santo Domingo.--
_tProvincia Santiago.--
_tProvincia Duarte.--
_tProvincia La Vega.--
_tProvincia Espaillat.--
_tProvincia María Trinidad Sánchez.--
_tProvincia Samaná.--
_tProvincia Sánchez Ramírez.--
_tProvincia Salcedo.--
_tProvincia Mao y Dajabón.--
_tProvincia .--
_tPuerto Plata.--
_tProvincia Peravia y Ocoa.--
_tProvincia Sancristóbal.--
_tProvincia Azua.--
_tRegión Sur Largo.
_tRegión Este.
590 _aInventariado 2024 / MF
651 4 _919109
_aRepública Dominicana
_xObras públicas
651 4 _980168
_aRepública Dominicana
_xAdministración pública
_y2000- 2004
700 2 _aSalazar, Armani
_982922
700 1 _aSalomón, Adolfo,
_etexto
_982923
700 1 _aPimentel, Hilman,
_etexto
_982924
700 1 _949062
_aGarcía, Francisco,
_etexto
700 1 _aZabala, Máximo,
_etexto
_982925
700 1 _aSantos Pérez, Rafael,
_ecoordinador
_982926
700 1 _aSantos, Rafael,
_d1968-
_ecoordinador
_943510
700 1 _aCruz, Pedro, de la,
_efotógrafías
_982927
700 1 _954824
_aCruz, Domingo, de la,
_efotógrafías
700 1 _aQuiroz, Alberto,
_efotografías
_982928
700 1 _aSuárez, Carmen
_efotografías
_982929
710 1 _936723
_aRepública Dominicana.
_bOficina de Ingenieros Supervisores de Obras del Estado.
942 _2ddc
_cLBS1
999 _c53023
_d53023